<?xml version="1.0" encoding="UTF-8"?><?xml-stylesheet type="text/xsl" href="static/style.xsl"?><OAI-PMH xmlns="http://www.openarchives.org/OAI/2.0/" xmlns:xsi="http://www.w3.org/2001/XMLSchema-instance" xsi:schemaLocation="http://www.openarchives.org/OAI/2.0/ http://www.openarchives.org/OAI/2.0/OAI-PMH.xsd"><responseDate>2026-05-11T15:41:51Z</responseDate><request verb="GetRecord" identifier="oai:riubu.ubu.es:10259/7631" metadataPrefix="marc">https://riubu.ubu.es/oai/request</request><GetRecord><record><header><identifier>oai:riubu.ubu.es:10259/7631</identifier><datestamp>2024-05-10T10:23:42Z</datestamp><setSpec>com_10259_6256</setSpec><setSpec>com_10259_5086</setSpec><setSpec>com_10259_2604</setSpec><setSpec>col_10259_6257</setSpec></header><metadata><record xmlns="http://www.loc.gov/MARC21/slim" xmlns:doc="http://www.lyncode.com/xoai" xmlns:xsi="http://www.w3.org/2001/XMLSchema-instance" xmlns:dcterms="http://purl.org/dc/terms/" xsi:schemaLocation="http://www.loc.gov/MARC21/slim http://www.loc.gov/standards/marcxml/schema/MARC21slim.xsd">
<leader>00925njm 22002777a 4500</leader>
<datafield tag="042" ind1=" " ind2=" ">
<subfield code="a">dc</subfield>
</datafield>
<datafield tag="720" ind1=" " ind2=" ">
<subfield code="a">Escribano-Ott, Ignacio</subfield>
<subfield code="e">author</subfield>
</datafield>
<datafield tag="720" ind1=" " ind2=" ">
<subfield code="a">Calleja-González, Julio</subfield>
<subfield code="e">author</subfield>
</datafield>
<datafield tag="720" ind1=" " ind2=" ">
<subfield code="a">Mielgo Ayuso, Juan</subfield>
<subfield code="e">author</subfield>
</datafield>
<datafield tag="260" ind1=" " ind2=" ">
<subfield code="c">2022-01</subfield>
</datafield>
<datafield tag="520" ind1=" " ind2=" ">
<subfield code="a">Using nutritional supplements is a widespread strategy among basketball players to&#xd;
ensure the appropriate provision of energy and nutrients to avoid certain complaints. Particularly in&#xd;
basketball, there is no consensus on the type, quantity or form of use in which these supplements&#xd;
should be administered. Therefore, the main aim of this systematic review is to highlight the ergonutritional aids that may be effective in basketball. A structured search was carried out following the&#xd;
Preferred Reporting Items for Systematic Review and Meta-Analyses (PRISMA®) guidelines in the&#xd;
Medline/PubMed and Web of Science, Cochrane Library, and Scopus databases until 31 December&#xd;
2021; no year restriction was applied to the search strategy. There were no filters applied to the&#xd;
basketball players’ level, gender, race, or age to increase the power of the analysis. The results of this&#xd;
systematic review have shown that the effective dose of caffeine to enhance anaerobic performance&#xd;
and the feeling of vigorousness and energy ranges from 3 to 6 mg·kg−1&#xd;
, showing more positive&#xd;
effects when is supplemented 60–75 min before exercise in the morning and in test-based task. On&#xd;
the other hand, vitamin E (ranging from 200 to 268 mg), vitamin D (10,000 IU) and EPA (2 g) may&#xd;
have a potential role in recovery and wellness. The primary limitation of this study is the scarcity&#xd;
of studies related to nutritional supplementation in basketball players. However, a major strength&#xd;
is that this is the first systematic review describing what ergo-nutritional aids may be specifically&#xd;
helpful for basketball. Despite the need for future studies, certain nutritional supplements may have&#xd;
promising advantages for basketball (long-term supplementation of nitrates for recovery), whereas&#xd;
others (β-alanine, sodium bicarbonate, and acute nitrate supplementation) might theoretically be&#xd;
regarded as not interesting for basketball, or even not recommended by the World Anti-Doping&#xd;
Agency (WADA) as bovine colostrum.</subfield>
</datafield>
<datafield tag="024" ind2=" " ind1="8">
<subfield code="a">http://hdl.handle.net/10259/7631</subfield>
</datafield>
<datafield tag="024" ind2=" " ind1="8">
<subfield code="a">10.3390/nu14030638</subfield>
</datafield>
<datafield tag="024" ind2=" " ind1="8">
<subfield code="a">2072-6643</subfield>
</datafield>
<datafield ind1=" " ind2=" " tag="653">
<subfield code="a">Basketball</subfield>
</datafield>
<datafield ind1=" " ind2=" " tag="653">
<subfield code="a">Supplement</subfield>
</datafield>
<datafield ind1=" " ind2=" " tag="653">
<subfield code="a">Ergo-nutritional aid</subfield>
</datafield>
<datafield ind1=" " ind2=" " tag="653">
<subfield code="a">Caffeine</subfield>
</datafield>
<datafield ind1=" " ind2=" " tag="653">
<subfield code="a">Creatine</subfield>
</datafield>
<datafield ind1=" " ind2=" " tag="653">
<subfield code="a">Vitamin D</subfield>
</datafield>
<datafield ind1=" " ind2=" " tag="653">
<subfield code="a">Recovery</subfield>
</datafield>
<datafield ind1=" " ind2=" " tag="653">
<subfield code="a">Performance</subfield>
</datafield>
<datafield tag="245" ind1="0" ind2="0">
<subfield code="a">Ergo-Nutritional Intervention in Basketball: A Systematic Review</subfield>
</datafield>
</record></metadata></record></GetRecord></OAI-PMH>